| 000 | 01180nam a2200229Ia 4500 | ||
|---|---|---|---|
| 003 | Ost | ||
| 005 | 20260507075406.0 | ||
| 008 | 260507s9999||||xx |||||||||||||| ||und|| | ||
| 020 | _a7055410977 | ||
| 040 | _cfsecg | ||
| 041 | _aara | ||
| 082 | _a330 | ||
| 100 |
_aالناغى، محمود السيد _eمؤلف |
||
| 245 | 0 |
_aالإتجاهات المعاصرة في نظرية المحاسبة / _c محمود السيد الناغى |
|
| 260 |
_aالإسكندرية: _bالمكتبة العصرية, _c2007 |
||
| 300 |
_a530 صفحة؛ _bإيضاحات ؛ _c24 سم |
||
| 520 | _aالمدخل إلى دراسة نظرية المحاسبة، تحليل لطبيعة الطلب على المعلومات المحاسبية ومقومات الملائمة فيها، طبيعة العرض للمعلومات المحاسبية ومقومات المصداقية فيها، إطار عام لنظرية المحاسبة ومجالات التطبيق، إتجاهات معاصرة في القياس والإفصاح المحاسبي | ||
| 653 | _aالمحاسبة | ||
| 653 | _aالمحاسبة- نظريات | ||
| 653 | _aتدقيق الحسابات | ||
| 942 | _cكتاب | ||
| 999 |
_c44313 _d44313 |
||